00975 2200325 4500001002100000005001500021035002000036007000300056008004100059082001400100084001600114245007100130300003700201650002800238264008300266336002100349337003000370338002300400040002200423090001900445500001100464500006000475850001200535700003400547990002000581990001200601990001200613990001200625990001200637INLIS00000000089038920241114102801 a0010-0924000039ta240906b g 1 eng 04223a590.3 a590.3 GRZ g10aGrzimek's animal life encyclopedia /cpenyunting, Bernhard Grzimek a...halaman :bilustrasi ;c25 cm 4aBinatang-- Ensiklopedia31aNew York :bVan Nostrand Reinhold Company,ctahun terbit tidak teridentifikasi 2rdacontentateks 2rdamediaatanpa perantara 2rdacarrieravolume aYOPDYOGbinderda aRQ 590.3 GRZ g aIndeks aYang diterima: Volume 8, Volume 9, Volume 13, Volume 12 aYOPDYOG1 aGrzimek, BernhardePenyunting a72660-PD/A.2024 a21656-a a21660-a a21659-a a21658-a